书目信息 |
| 题名: |
如何拿到绿卡
|
|
| 作者: | 刘易斯, , 马德兰沙凯, 编著 ;韩利杰 译 | |
| 分册: | ||
| 出版信息: | 北京 知识产权出版社 2004.06 |
|
| 页数: | 1册 | |
| 开本: | 28cm | |
| 丛书名: | 美国通行证 | |
| 单 册: | ||
| 中图分类: | H31:D771.238 | |
| 科图分类: | ||
| 主题词: | 移民--yi min--出入境--基本知识--美国 , 英语 | |
| 电子资源: | ||
| ISBN: | 7-80011-906-8 | |
| 000 | 01325nam 2200337 450 | |
| 001 | 0148301422 | |
| 005 | 20120308100758.26 | |
| 010 | @a7-80011-906-8@dCNY78.00 | |
| 100 | @a20050419d2004 km y0chiy0120 ea | |
| 101 | 2 | @achi@aeng@ceng |
| 102 | @aCN@b110000 | |
| 105 | @aa z 001yy | |
| 200 | 1 | @a如何拿到绿卡@Aru he na dao lu ka@e在美国合法居留@f(美) Loida N.Lewis, Len T. Madlansacay编著@F(mei)Loida N.Lewis,Len T.Madlansacay bian zhu |
| 210 | @a北京@c知识产权出版社@d2004.06 | |
| 215 | @a1册@c图@d28cm | |
| 225 | 2 | @a美国通行证@Amei guo tong xing zheng |
| 312 | @a英文题名取自封面。 | |
| 314 | @a责任者规范汉译姓:刘易斯 (Lewis); 译者取自版权页。 | |
| 320 | @a有索引。 | |
| 330 | @a本书介绍了如何与美国移民局打交道。包括所必须准备的所有正确文件及获取绿卡的最快捷方法,介绍了相关的提供咨询和法律转呈的组织机构。 | |
| 410 | 0 | @12001 @a美国通行证 |
| 510 | 1 | @aHow to get a green card@zeng |
| 517 | 1 | @a在美国合法居留@Azai mei guo he fa ju liu |
| 606 | 0 | @a移民@Ayi min@x出入境@x基本知识@y美国 |
| 606 | 0 | @a英语 |
| 690 | @aH31:D771.238@v4 | |
| 701 | 1 | @a刘易斯,@Aliu yi si,@bL.N.@g(Lewis, Loida N.)@4编著 |
| 701 | 1 | @a马德兰沙凯,@Ama de lan sha kai,@bLen T.@g(Madlansacay, Len T.)@4编著 |
| 702 | 0 | @a韩利杰@Ahan li jie@4译 |
| 801 | 0 | @aCN@bQSSK@c20051007 |
| 905 | @a10447@dH31:D771.238@eL706 | |
| 如何拿到绿卡:在美国合法居留/(美) Loida N.Lewis, Len T. Madlansacay编著.-北京:知识产权出版社,2004.06 |
| 1册:图;28cm.-(美国通行证) |
| ISBN 7-80011-906-8:CNY78.00 |
| 本书介绍了如何与美国移民局打交道。包括所必须准备的所有正确文件及获取绿卡的最快捷方法,介绍了相关的提供咨询和法律转呈的组织机构。 |
| ● |
| 相关链接 |
|
|
|
正题名:如何拿到绿卡
索取号:H31:D771.238/L706
 
预约/预借
| 序号 | 登录号 | 条形码 | 馆藏地/架位号 | 状态 | 备注 |
| 1 | 573857 | 205738576 | 语言库209/209语言库 92排2列1层/ [索取号:H31:D771.238/L706] | 在馆 | |
| 2 | 573858 | 205738585 | 语言库209/209语言库 92排2列1层/ [索取号:H31:D771.238/L706] | 在馆 | |
| 3 | 573859 | 205738594 | 语言库209/209语言库 92排2列1层/ [索取号:H31:D771.238/L706] | 在馆 |